000
00319nam a2200133Ia 4500
100
_a
IBM PC...
942
_c
BK
654
_a
network program
245
_a
JBM PC local area network program
260
_b
International business machines co
_a
Texes
_c
1987
082
_a
1.644044
_b
IBM
546
_a
ENGLISH
999
_c
27819
_d
27819